[Event "XXIX Miedzynarodowy Festiwal Szachowy CRACOVIA-2018 Grupa A"]
[Site "Krakow, Hotel Galaxy, ul. Gesia 22a"]
[Date "2018.??.??"]
[Round "2.64"]
[White "Brozyna, Mateusz"]
[Black "Rosol, Alexander"]
[Result "1-0"]
[WhiteElo "2173"]
[BlackElo "1972"]
[PlyCount "105"]
[EventDate "2018.??.??"]

1. e4 d6 2. d4 Nf6 3. Nc3 Nbd7 4. Nf3 e5 5. Bc4 Be7 6. O-O c6 7. a4 O-O 8. h3
h6 9. Re1 Re8 10. Ba2 Bf8 11. Be3 Qc7 12. Nh4 exd4 13. Bxd4 g5 14. Qf3 Bg7 15.
Nf5 Ne5 16. Nxh6+ Bxh6 17. Qxf6 Bg7 18. Qxg5 Be6 19. Bxe5 dxe5 20. Re3 Bxa2 21.
Rxa2 Re6 22. Rg3 Rg6 23. Qe3 Rxg3 24. Qxg3 Rd8 25. Qe3 Qb6 26. Qxb6 axb6 27.
Ra3 Bf8 28. Ra1 Rd2 29. Rc1 Bc5 30. Nd1 Re2 31. Kf1 Rxe4 32. Nc3 Rf4 33. f3 Rd4
34. Ke2 f5 35. Rd1 Kf7 36. Rxd4 Bxd4 37. Nd1 Kf6 38. c3 Bc5 39. Ne3 Bd6 40. g4
fxg4 41. hxg4 Kg5 42. Nc4 Bc7 43. Ke3 b5 44. axb5 cxb5 45. Na3 b4 46. cxb4 Bb6+
47. Ke4 Bd4 48. b3 Kf6 49. b5 Bb2 50. Nc4 Bc3 51. Nd6 b6 52. Nc4 Bd4 53. f4 1-0

[Event "XXIX Miedzynarodowy Festiwal Szachowy CRACOVIA-2018 Grupa A"]
[Site "Krakow, Hotel Galaxy, ul. Gesia 22a"]
[Date "2018.??.28"]
[Round "2.68"]
[White "Leiter, Thomas"]
[Black "Seemann, Jakub"]
[Result "1-0"]
[WhiteElo "2151"]
[BlackElo "1907"]
[PlyCount "89"]
[EventDate "2018.??.??"]

1. d4 Nf6 2. c4 g6 3. Nc3 Bg7 4. e4 d6 5. Nf3 O-O 6. Be2 e5 7. O-O Nc6 8. d5
Ne7 9. b4 Ne8 10. c5 f5 11. a4 Nf6 12. Nd2 f4 13. Ba3 g5 14. b5 Ng6 15. Nc4 Ne8
16. b6 dxc5 17. bxc7 Qxc7 18. Nb5 Qe7 19. d6 Qf7 20. Bxc5 a6 21. Nb6 axb5 22.
Nxc8 Rxc8 23. d7 Rd8 24. Bxf8 Rxd7 25. Qc1 Nxf8 26. axb5 Rc7 27. Qb2 Ne6 28.
Rfc1 Nd4 29. Bf1 Bf8 30. b6 Rxc1 31. Rxc1 Nd6 32. Rc7 Qe6 33. Qa1 g4 34. Qa4 h5
35. Rxb7 f3 36. Rc7 fxg2 37. Bc4 Nxc4 38. Qxc4 Qxc4 39. Rxc4 Bd6 40. Rc7 h4 41.
Kxg2 Nb5 42. Rd7 Bc5 43. b7 Ba7 44. Rd8+ Kg7 45. Ra8 1-0

[Event "XXIX Miedzynarodowy Festiwal Szachowy CRACOVIA-2018 Grupa A"]
[Site "Krakow, Hotel Galaxy, ul. Gesia 22a"]
[Date "2018.??.??"]
[Round "2.69"]
[White "Kulesza, Andrzej"]
[Black "Eggink, Mateusz"]
[Result "0-1"]
[WhiteElo "1934"]
[BlackElo "2138"]
[PlyCount "138"]
[EventDate "2018.??.??"]

1. e4 c5 2. Nf3 Nc6 3. d4 cxd4 4. Nxd4 Nf6 5. Nc3 e5 6. Ndb5 d6 7. Bg5 a6 8.
Na3 b5 9. Nd5 Be7 10. Bxf6 Bxf6 11. c3 Bg5 12. Nc2 Rb8 13. g3 O-O 14. Bg2 Ne7
15. Ncb4 Nxd5 16. Nxd5 f5 17. exf5 Bxf5 18. O-O Qd7 19. f4 exf4 20. Nxf4 Bf6
21. Qd5+ Kh8 22. Rad1 Bg4 23. Bf3 Be5 24. Bxg4 Qxg4 25. Nd3 Qe2 26. Qg2 Qe3+
27. Kh1 Rxf1+ 28. Qxf1 Bf6 29. Re1 Qg5 30. Qf3 Rd8 31. Nf4 Qf5 32. Qd5 Be5 33.
Nd3 Rf8 34. Qe4 Qh3 35. Qg2 Qf5 36. Qe4 Qh3 37. Nf2 Qe6 38. Ng4 Qxa2 39. Qg2
Qc4 40. Ne3 Qd3 41. Qd5 Qxd5+ 42. Nxd5 Rf2 43. Ra1 Rxb2 44. Rxa6 h6 45. Rb6 Kh7
46. Nc7 Bxc3 47. Rxb5 Kg6 48. Rxb2 Bxb2 49. Kg2 Kf5 50. Kf3 Ke5 51. Ne8 Kd5 52.
Nc7+ Kd4 53. Ne6+ Kc4 54. g4 Be5 55. h4 Kd5 56. Nf8 Bf6 57. Ng6 Kc4 58. Kf4
Bxh4 59. Kf5 Bf6 60. Nf4 d5 61. Ne6 d4 62. Ke4 d3 63. Ke3 Kc3 64. Kf2 d2 65. g5
d1=Q 66. gxf6 gxf6 67. Nf4 Qg4 68. Ng2 Kd2 69. Kf1 h5 0-1

[Event "XXIX Miedzynarodowy Festiwal Szachowy CRACOVIA-2018 Grupa A"]
[Site "Krakow, Hotel Galaxy, ul. Gesia 22a"]
[Date "2018.??.??"]
[Round "2.70"]
[White "Hetzer, Volkhard"]
[Black "Milikow, Yoav"]
[Result "0-1"]
[WhiteElo "1916"]
[BlackElo "2130"]
[PlyCount "155"]
[EventDate "2018.??.??"]

1. d4 Nf6 2. Nf3 g6 3. Bg5 Bg7 4. Nbd2 O-O 5. e4 d6 6. c3 b6 7. Bd3 Bb7 8. O-O
Nbd7 9. Re1 e5 10. Qc2 h6 11. Bh4 g5 12. Bg3 Nh5 13. dxe5 dxe5 14. Rad1 Nc5 15.
Bc4 Nxg3 16. hxg3 a5 17. b4 axb4 18. cxb4 Nd7 19. Nf1 Qe7 20. Ne3 Nf6 21. Nf5
Qxb4 22. Nxg7 Kxg7 23. Nxe5 Rad8 24. Nd3 Qe7 25. f3 Rd4 26. Nf2 Rfd8 27. Rxd4
Rxd4 28. Rd1 Qc5 29. Rxd4 Qxd4 30. Qd3 Qe5 31. g4 Bc6 32. Nd1 h5 33. gxh5 Nxh5
34. Qc3 f6 35. Qxe5 fxe5 36. Ne3 Bd7 37. Kf2 b5 38. Bb3 c5 39. Nd5 Nf4 40. Ne3
c4 41. Bc2 Be6 42. g3 Nh5 43. a3 Kf6 44. Nd1 Bd7 45. Nc3 Bc6 46. Na2 Ke7 47.
Nb4 Kd6 48. Bd1 Be8 49. Be2 Kc5 50. Nc2 Bf7 51. Ne3 Nf6 52. Nc2 Bg6 53. Ke3 Nh5
54. Kf2 Ng7 55. Ke3 Ne6 56. Bf1 Bh5 57. Be2 Nd4 58. Bd1 g4 59. f4 exf4+ 60.
Kxf4 Nxc2 61. Bxc2 Kd4 62. e5 Kc3 63. Kg5 Bf7 64. Bg6 Bd5 65. Kxg4 Kb2 66. Kf4
c3 67. g4 c2 68. Bxc2 Kxc2 69. Kf5 Kb3 70. e6 Kxa3 71. g5 b4 72. e7 Bc6 73. g6
b3 74. g7 b2 75. g8=Q b1=Q+ 76. Kf6 Qb2+ 77. Kf5 Bd7+ 78. Kf4 0-1

[Event "XXIX Miedzynarodowy Festiwal Szachowy CRACOVIA-2018 Grupa A"]
[Site "Cracow"]
[Date "2018.12.29"]
[Round "3.4"]
[White "Molenda, Marcin"]
[Black "Marczuk, Dominik"]
[Result "0-1"]
[BlackElo "2274"]
[WhiteElo "2383"]
[LiveChessVersion "1.4.8"]

1. d4 {[%clk 1:30:57]} Nf6 {[%clk 1:30:47]} 2. Nf3 {[%clk 1:31:15]} g6
{[%clk 1:30:47]} 3. c4 {[%clk 1:30:53]} Bg7 {[%clk 1:31:06]} 4. g3
{[%clk 1:31:12]} O-O {[%clk 1:31:12]} 5. Bg2 {[%clk 1:31:36]} d6 {[%clk 1:31:31]}
6. O-O {[%clk 1:31:52]} Nc6 {[%clk 1:30:51]} 7. Nc3 {[%clk 1:32:08]} Bf5
{[%clk 1:29:52]} 8. d5 {[%clk 1:28:08]} Na5 {[%clk 1:30:10]} 9. Nd4
{[%clk 1:28:14]} Bd7 {[%clk 1:29:56]} 10. b3 {[%clk 1:28:31]} c5 {[%clk 1:29:00]}
11. dxc6 {[%clk 1:28:52]} bxc6 {[%clk 1:28:53]} 12. e4 {[%clk 1:11:58]} Rb8
{[%clk 1:23:38]} 13. h3 {[%clk 1:07:23]} c5 {[%clk 1:13:02]} 14. Nde2
{[%clk 1:07:20]} Nc6 {[%clk 1:12:40]} 15. Be3 {[%clk 1:07:05]} Ne8
{[%clk 1:00:38]} 16. f4 {[%clk 0:54:07]} f5 {[%clk 0:56:42]} 17. Rc1
{[%clk 0:47:29]} Nc7 {[%clk 0:51:22]} 18. e5 {[%clk 0:35:05]} dxe5
{[%clk 0:50:57]} 19. fxe5 {[%clk 0:34:42]} Ne6 {[%clk 0:27:40]} 20. Bd5
{[%clk 0:26:43]} Kh8 {[%clk 0:24:36]} 21. Bxe6 {[%clk 0:26:38]} Bxe6
{[%clk 0:24:59]} 22. Nf4 {[%clk 0:26:43]} Bg8 {[%clk 0:20:24]} 23. Qxd8
{[%clk 0:25:10]} Rfxd8 {[%clk 0:20:03]} 24. Bxc5 {[%clk 0:25:34]} Bxe5
{[%clk 0:19:52]} 25. Kg2 {[%clk 0:19:51]} Bg7 {[%clk 0:16:27]} 26. Rf2
{[%clk 0:18:50]} e5 {[%clk 0:14:20]} 27. Nfd5 {[%clk 0:19:17]} Rd7
{[%clk 0:14:25]} 28. Rd1 {[%clk 0:15:26]} Rbd8 {[%clk 0:13:48]} 29. Ne3
{[%clk 0:13:37]} Nd4 {[%clk 0:11:26]} 30. Ncd5 {[%clk 0:13:15]} Bh6
{[%clk 0:06:17]} 31. Ba3 {[%clk 0:10:00]} Nc6 {[%clk 0:03:16]} 32. Bb2
{[%clk 0:10:17]} Bxe3 {[%clk 0:03:03]} 33. Nxe3 {[%clk 0:09:28]} Rxd1
{[%clk 0:03:24]} 34. Nxd1 {[%clk 0:09:56]} Rxd1 {[%clk 0:03:39]} 35. Re2
{[%clk 0:10:21]} Nd4 {[%clk 0:02:39]} 36. Kf2 {[%clk 0:10:45]} Kg7
{[%clk 0:01:27]} 37. Rxe5 {[%clk 0:10:50]} Rd2+ 38. Ke3 Rxb2 {[%clk 0:01:52]} 39.
Kxd4 {[%clk 0:11:48]} Rxa2 {[%clk 0:02:13]} 40. b4 {[%clk 0:40:58]} Kf6
{[%clk 0:31:24]} 41. Re8 {[%clk 0:40:37]} Bf7 {[%clk 0:30:54]} 42. Rb8
{[%clk 0:40:45]} Rd2+ {[%clk 0:30:08]} 43. Ke3 {[%clk 0:41:14]} Rg2
{[%clk 0:28:15]} 0-1

[Event "XXIX Miedzynarodowy Festiwal Szachowy CRACOVIA-2018 Grupa A"]
[Site "Cracow"]
[Date "2018.12.29"]
[Round "3.5"]
[White "Biriukov, Nikolai"]
[Black "Zaleski, Lukasz"]
[Result "1-0"]
[BlackElo "2116"]
[WhiteElo "2365"]
[LiveChessVersion "1.4.8"]

1. d4 {[%clk 1:30:57]} e6 {[%clk 1:25:00]} 2. Nf3 {[%clk 1:29:16]} Nf6
{[%clk 1:25:23]} 3. g3 {[%clk 1:29:40]} c5 {[%clk 1:25:40]} 4. Bg2
{[%clk 1:30:03]} cxd4 {[%clk 1:22:42]} 5. Nxd4 {[%clk 1:30:29]} d5
{[%clk 1:22:56]} 6. O-O {[%clk 1:30:39]} Be7 {[%clk 1:18:08]} 7. c4
{[%clk 1:29:20]} O-O {[%clk 1:11:15]} 8. cxd5 {[%clk 1:29:16]} Nxd5
{[%clk 1:10:18]} 9. Qb3 {[%clk 1:28:13]} Nc6 {[%clk 1:03:14]} 10. Nxc6
{[%clk 1:26:24]} bxc6 {[%clk 1:03:39]} 11. e4 {[%clk 1:26:46]} Nf6
{[%clk 0:57:59]} 12. Bf4 {[%clk 1:27:02]} Qa5 {[%clk 0:52:34]} 13. Qc3
{[%clk 1:21:23]} Qxc3 {[%clk 0:46:21]} 14. Nxc3 {[%clk 1:21:47]} Rd8
{[%clk 0:46:06]} 15. Rfd1 {[%clk 1:16:58]} Ba6 {[%clk 0:44:52]} 16. Bf3
{[%clk 1:16:52]} Rxd1+ {[%clk 0:44:04]} 17. Rxd1 {[%clk 1:17:09]} Rd8
{[%clk 0:42:57]} 18. Rc1 {[%clk 1:08:36]} c5 {[%clk 0:37:27]} 19. Na4
{[%clk 1:05:22]} c4 {[%clk 0:22:20]} 20. Be3 {[%clk 1:02:16]} Bb5
{[%clk 0:20:31]} 21. Nc3 {[%clk 1:00:23]} Bc6 {[%clk 0:18:44]} 22. Bxa7
{[%clk 0:55:34]} Rd2 {[%clk 0:18:09]} 23. Rb1 {[%clk 0:55:47]} Bb4
{[%clk 0:17:28]} 24. Be3 {[%clk 0:55:21]} Rd8 {[%clk 0:15:19]} 25. Rc1
{[%clk 0:54:23]} Ba5 {[%clk 0:06:52]} 26. Ne2 {[%clk 0:53:37]} Bxe4
{[%clk 0:05:09]} 27. Bxe4 {[%clk 0:53:59]} Nxe4 {[%clk 0:05:36]} 28. Rxc4
{[%clk 0:54:17]} Nd2 {[%clk 0:05:35]} 29. Ra4 {[%clk 0:51:39]} Bc7
{[%clk 0:04:09]} 30. Kg2 {[%clk 0:47:47]} e5 {[%clk 0:02:42]} 31. Nc3
{[%clk 0:45:56]} f5 {[%clk 0:00:35]} 32. Nb5 {[%clk 0:46:11]} Bb8
{[%clk 0:00:55]} 33. Ra8 {[%clk 0:46:13]} Nc4 {[%clk 0:00:33]} 34. Ba7
{[%clk 0:46:28]} 1-0

[Event "XXIX Miedzynarodowy Festiwal Szachowy CRACOVIA-2018 Grupa A"]
[Site "Cracow"]
[Date "2018.12.29"]
[Round "3.6"]
[White "Kyc, Jerzy"]
[Black "Eggink, Ryszard"]
[Result "0-1"]
[BlackElo "2343"]
[WhiteElo "2280"]
[LiveChessVersion "1.4.8"]

1. e4 {[%clk 1:30:50]} d6 {[%clk 1:30:54]} 2. d4 {[%clk 1:31:04]} Nf6
{[%clk 1:30:55]} 3. Nc3 {[%clk 1:31:28]} Nbd7 {[%clk 1:31:15]} 4. Nf3
{[%clk 1:31:40]} e5 {[%clk 1:31:39]} 5. Bc4 {[%clk 1:31:38]} Be7 {[%clk 1:32:04]}
6. O-O {[%clk 1:31:12]} O-O {[%clk 1:32:30]} 7. dxe5 {[%clk 1:30:33]} dxe5
{[%clk 1:31:35]} 8. Qe2 {[%clk 1:26:42]} c6 {[%clk 1:31:52]} 9. a4
{[%clk 1:26:48]} a5 {[%clk 1:31:37]} 10. Bg5 {[%clk 1:25:55]} Qc7
{[%clk 1:28:01]} 11. Nh4 {[%clk 1:11:53]} Nc5 {[%clk 1:23:04]} 12. Nf5
{[%clk 1:03:02]} Ne6 {[%clk 1:20:07]} 13. Bxe6 {[%clk 0:57:53]} Bxe6
{[%clk 1:20:22]} 14. Nxe7+ {[%clk 0:55:03]} Qxe7 {[%clk 1:20:51]} 15. Qf3
{[%clk 0:49:31]} Rfd8 {[%clk 1:16:35]} 16. Rad1 {[%clk 0:42:09]} h6
{[%clk 1:11:35]} 17. Bxf6 {[%clk 0:42:10]} Qxf6 {[%clk 1:12:03]} 18. Qxf6
{[%clk 0:41:41]} gxf6 {[%clk 1:12:32]} 19. f4 {[%clk 0:31:11]} exf4
{[%clk 1:07:46]} 20. Rxf4 {[%clk 0:26:42]} Rxd1+ {[%clk 1:07:59]} 21. Nxd1
{[%clk 0:27:11]} Rd8 {[%clk 1:08:28]} 22. Nc3 {[%clk 0:27:40]} Kg7
{[%clk 1:05:49]} 23. Rf3 {[%clk 0:18:24]} Rd2 {[%clk 0:59:17]} 24. Rf2
{[%clk 0:18:33]} Rd4 {[%clk 0:59:45]} 25. Rf1 {[%clk 0:11:58]} Rb4
{[%clk 0:57:28]} 26. b3 {[%clk 0:12:02]} c5 {[%clk 0:57:52]} 27. Nd5
{[%clk 0:09:58]} Rxe4 {[%clk 0:56:56]} 28. Nxf6 {[%clk 0:09:20]} Re2
{[%clk 0:54:28]} 29. Ne8+ {[%clk 0:07:06]} Kf8 {[%clk 0:51:24]} 30. Nc7
{[%clk 0:07:29]} Bd7 {[%clk 0:50:36]} 31. c4 {[%clk 0:03:52]} Bc6
{[%clk 0:47:46]} 32. Nd5 {[%clk 0:00:33]} Bxd5 {[%clk 0:47:44]} 33. cxd5
{[%clk 0:01:02]} Re3 {[%clk 0:48:12]} 34. Rf6 {[%clk 0:00:35]} Rxb3
{[%clk 0:48:35]} 35. Rxh6 {[%clk 0:00:54]} Rb4 {[%clk 0:48:51]} 36. d6
{[%clk 0:00:38]} Ke8 {[%clk 0:48:54]} 37. Rh8+ {[%clk 0:00:34]} Kd7
{[%clk 0:49:20]} 38. Rf8 {[%clk 0:00:53]} Kxd6 {[%clk 0:46:02]} 39. Rxf7
{[%clk 0:01:19]} b6 {[%clk 0:46:13]} 40. Rf6+ {[%clk 0:30:53]} Kc7
{[%clk 1:15:53]} 41. g3 {[%clk 0:30:53]} Rxa4 {[%clk 1:16:19]} 42. h4
{[%clk 0:31:18]} Rg4 {[%clk 1:15:41]} 43. Kg2 {[%clk 0:31:42]} a4
{[%clk 1:15:31]} 44. Kh3 {[%clk 0:31:53]} Rg8 {[%clk 1:13:08]} 45. h5
{[%clk 0:29:13]} Ra8 {[%clk 1:12:15]} 46. Rf7+ {[%clk 0:24:48]} Kc6
{[%clk 1:12:31]} 47. Rf6+ {[%clk 0:25:16]} Kc7 {[%clk 0:59:30]} 48. Rf7+
{[%clk 0:24:41]} Kd6 {[%clk 0:59:54]} 49. Rf6+ {[%clk 0:25:01]} Ke7
{[%clk 0:58:23]} 50. Rxb6 {[%clk 0:18:08]} a3 {[%clk 0:58:41]} 51. Rb7+
{[%clk 0:18:11]} Kf6 {[%clk 0:57:30]} 52. Rb1 {[%clk 0:18:05]} a2
{[%clk 0:57:55]} 53. Ra1 {[%clk 0:18:29]} c4 {[%clk 0:58:04]} 0-1

[Event "XXIX Miedzynarodowy Festiwal Szachowy CRACOVIA-2018 Grupa A"]
[Site "Cracow"]
[Date "2018.12.29"]
[Round "3.7"]
[White "Ustinov, Alexey"]
[Black "Tomczak, Mikolaj"]
[Result "1/2-1/2"]
[BlackElo "2442"]
[WhiteElo "2232"]
[LiveChessVersion "1.4.8"]

1. d4 {[%clk 1:28:29]} Nf6 {[%clk 1:30:29]} 2. c4 {[%clk 1:28:55]} e6
{[%clk 1:30:26]} 3. Nf3 {[%clk 1:29:15]} b6 {[%clk 1:30:07]} 4. g3
{[%clk 1:29:10]} Bb7 {[%clk 1:30:32]} 5. Bg2 {[%clk 1:29:32]} Be7
{[%clk 1:30:52]} 6. O-O {[%clk 1:29:08]} O-O {[%clk 1:31:17]} 7. Nc3
{[%clk 1:24:34]} Ne4 {[%clk 1:31:42]} 8. Nxe4 {[%clk 1:19:24]} Bxe4
{[%clk 1:32:06]} 9. Ne1 {[%clk 1:19:29]} Bxg2 {[%clk 1:30:22]} 10. Nxg2
{[%clk 1:19:53]} d5 {[%clk 1:30:26]} 11. Qa4 {[%clk 1:17:09]} dxc4
{[%clk 1:30:24]} 12. Qxc4 {[%clk 1:17:29]} c5 {[%clk 1:30:47]} 13. dxc5
{[%clk 1:17:16]} Bxc5 {[%clk 1:31:09]} 14. Be3 {[%clk 1:17:13]} Nd7
{[%clk 1:30:36]} 15. Rfd1 {[%clk 1:15:55]} Qe7 {[%clk 1:29:10]} 16. Bxc5
{[%clk 1:12:58]} Nxc5 {[%clk 1:29:24]} 17. Rac1 {[%clk 1:12:05]} Rfd8
{[%clk 1:29:12]} 18. Ne3 {[%clk 1:11:24]} Rxd1+ {[%clk 1:27:48]} 19. Rxd1
{[%clk 1:11:32]} h6 {[%clk 1:25:26]} 20. Qd4 {[%clk 1:10:17]} Rc8
{[%clk 1:21:17]} 21. b3 {[%clk 1:01:51]} Rc7 {[%clk 1:14:59]} 22. Qb2
{[%clk 0:46:47]} Ne4 {[%clk 1:12:15]} 23. Kg2 {[%clk 0:38:03]} b5
{[%clk 1:09:13]} 24. Rc1 {[%clk 0:35:27]} b4 {[%clk 1:03:45]} 25. Rxc7
{[%clk 0:30:12]} Qxc7 {[%clk 1:04:08]} 26. Qd4 {[%clk 0:22:37]} Qb7
{[%clk 1:04:28]} 27. f3 {[%clk 0:22:37]} Nc3 {[%clk 1:04:36]} 28. Qd8+
{[%clk 0:22:59]} Kh7 {[%clk 1:04:56]} 29. Qd3+ {[%clk 0:23:24]} f5
{[%clk 1:04:50]} 30. a3 {[%clk 0:21:48]} a5 1/2-1/2

[Event "XXIX Miedzynarodowy Festiwal Szachowy CRACOVIA-2018 Grupa A"]
[Site "Cracow"]
[Date "2018.12.29"]
[Round "3.8"]
[White "Goluch, Piotr"]
[Black "Klekowski, Maciej"]
[Result "0-1"]
[BlackElo "2499"]
[WhiteElo "2273"]
[LiveChessVersion "1.4.8"]

1. d4 {[%clk 1:30:58]} f5 {[%clk 1:30:55]} 2. Nf3 {[%clk 1:31:16]} Nf6
{[%clk 1:31:10]} 3. g3 {[%clk 1:31:40]} g6 {[%clk 1:31:37]} 4. Bg2
{[%clk 1:32:05]} Bg7 {[%clk 1:32:04]} 5. O-O {[%clk 1:32:27]} O-O
{[%clk 1:32:29]} 6. b3 {[%clk 1:32:51]} d6 {[%clk 1:29:20]} 7. Bb2
{[%clk 1:33:16]} Qe8 {[%clk 1:23:48]} 8. Nbd2 {[%clk 1:32:27]} Nc6
{[%clk 1:20:12]} 9. Re1 {[%clk 1:30:49]} e5 {[%clk 1:07:40]} 10. dxe5
{[%clk 1:31:09]} dxe5 {[%clk 1:08:02]} 11. e4 {[%clk 1:31:31]} f4
{[%clk 1:08:29]} 12. Nc4 {[%clk 1:29:52]} Bg4 {[%clk 1:05:52]} 13. h3
{[%clk 1:30:11]} Rd8 {[%clk 1:05:15]} 14. Qe2 {[%clk 1:30:26]} Bxf3
{[%clk 1:04:17]} 15. Bxf3 {[%clk 1:30:52]} b5 {[%clk 0:57:20]} 16. Na3
{[%clk 1:31:11]} a6 {[%clk 0:57:40]} 17. c3 {[%clk 1:31:23]} fxg3
{[%clk 0:48:03]} 18. fxg3 {[%clk 1:31:49]} Qe6 {[%clk 0:48:18]} 19. Kg2
{[%clk 1:29:04]} h5 {[%clk 0:47:10]} 20. h4 {[%clk 1:24:43]} Ng4 {[%clk 0:41:27]}
21. Rad1 {[%clk 1:24:48]} Bh6 {[%clk 0:16:34]} 22. Nc2 {[%clk 1:24:41]} Nf6
{[%clk 0:06:37]} 23. Ba3 {[%clk 1:15:31]} Rxd1 {[%clk 0:05:46]} 24. Rxd1
{[%clk 1:15:58]} Rf7 {[%clk 0:06:05]} 25. Bc5 {[%clk 1:12:04]} Bf8
{[%clk 0:05:35]} 26. Bf2 {[%clk 1:11:10]} Bd6 {[%clk 0:02:36]} 27. Ne3
{[%clk 1:03:57]} Bc5 {[%clk 0:02:50]} 28. b4 {[%clk 1:04:04]} Bb6
{[%clk 0:01:37]} 29. a4 {[%clk 1:04:12]} Na7 {[%clk 0:01:16]} 30. Rd8+
{[%clk 0:58:27]} Kg7 {[%clk 0:00:57]} 31. a5 {[%clk 0:57:52]} Bxe3
{[%clk 0:01:16]} 32. Qxe3 {[%clk 0:56:41]} Nc8 {[%clk 0:01:43]} 33. Be1
{[%clk 0:52:11]} Nd6 {[%clk 0:01:43]} 34. Bd2 {[%clk 0:52:27]} Ng8
{[%clk 0:01:59]} 35. Qg5 {[%clk 0:46:34]} Rxf3 {[%clk 0:01:58]} 36. Kxf3
{[%clk 0:46:54]} Nf7 {[%clk 0:02:20]} 37. Rxg8+ {[%clk 0:46:39]} Kxg8
{[%clk 0:02:47]} 38. Qe3 {[%clk 0:47:03]} Qg4+ {[%clk 0:02:05]} 39. Kg2
{[%clk 0:47:17]} Nd6 {[%clk 0:02:32]} 40. c4 {[%clk 1:17:28]} Nxc4
{[%clk 0:32:42]} 41. Qd3 {[%clk 1:16:58]} Nd6 {[%clk 0:28:22]} 42. Qd5+
{[%clk 1:16:06]} Kh7 {[%clk 0:28:43]} 43. Qxe5 {[%clk 1:13:14]} Qe2+
{[%clk 0:28:10]} 44. Kh3 {[%clk 1:13:35]} Qxd2 {[%clk 0:22:18]} 45. Qe7+
{[%clk 1:14:01]} Kg8 {[%clk 0:22:41]} 46. Qe6+ {[%clk 1:07:01]} Kg7
{[%clk 0:22:52]} 47. e5 {[%clk 1:07:26]} Nf5 {[%clk 0:22:59]} 48. Qxa6
{[%clk 1:07:44]} Qd5 {[%clk 0:19:53]} 49. Qf6+ {[%clk 1:08:10]} Kh7
{[%clk 0:20:19]} 50. Kh2 {[%clk 1:08:17]} Qa2+ {[%clk 0:20:22]} 51. Kg1
{[%clk 1:03:59]} Qb1+ {[%clk 0:20:40]} 52. Kh2 {[%clk 1:04:14]} Qc2+
{[%clk 0:21:07]} 53. Kh3 {[%clk 1:02:41]} Qb3 {[%clk 0:21:33]} 54. Qg5
{[%clk 1:03:01]} Qd1 {[%clk 0:21:44]} 55. Kh2 {[%clk 1:02:48]} Qe2+
{[%clk 0:22:10]} 56. Kg1 {[%clk 1:00:43]} Qe1+ {[%clk 0:21:52]} 57. Kg2
{[%clk 1:01:08]} Qxb4 {[%clk 0:22:17]} 58. a6 {[%clk 1:00:04]} Qb2+
{[%clk 0:22:33]} 59. Kf3 {[%clk 0:59:58]} Qa3+ {[%clk 0:22:10]} 60. Kf4
{[%clk 1:00:25]} Qe3# 0-1

[Event "XXIX Miedzynarodowy Festiwal Szachowy CRACOVIA-2018 Grupa A"]
[Site "Cracow"]
[Date "2018.12.29"]
[Round "3.9"]
[White "Gumularz, Szymon"]
[Black "Chylewski, Patryk"]
[Result "0-1"]
[BlackElo "2268"]
[WhiteElo "2462"]
[LiveChessVersion "1.4.8"]

1. d4 {[%clk 1:30:13]} Nf6 {[%clk 1:30:22]} 2. c4 {[%clk 1:30:32]} e6
{[%clk 1:30:42]} 3. Nf3 {[%clk 1:29:37]} b6 {[%clk 1:30:03]} 4. a3
{[%clk 1:24:16]} Bb7 {[%clk 1:29:39]} 5. Nc3 {[%clk 1:24:39]} d5 {[%clk 1:29:34]}
6. cxd5 {[%clk 1:25:03]} Nxd5 {[%clk 1:29:55]} 7. Qc2 {[%clk 1:25:17]} Be7
{[%clk 1:25:02]} 8. e4 {[%clk 1:25:10]} Nxc3 {[%clk 1:25:26]} 9. bxc3
{[%clk 1:25:35]} O-O {[%clk 1:24:26]} 10. Bd3 {[%clk 1:25:55]} c5
{[%clk 1:24:47]} 11. O-O {[%clk 1:26:18]} Qc7 {[%clk 1:19:51]} 12. Qe2
{[%clk 1:22:33]} Nc6 {[%clk 1:19:10]} 13. d5 {[%clk 1:09:02]} Na5
{[%clk 1:18:59]} 14. c4 {[%clk 1:01:47]} Nb3 {[%clk 1:18:47]} 15. Bb2
{[%clk 0:58:17]} Nxa1 {[%clk 1:15:23]} 16. Bxa1 {[%clk 0:58:39]} Rfe8
{[%clk 1:08:26]} 17. Qb2 {[%clk 0:52:02]} Bf8 {[%clk 1:05:18]} 18. Nh4
{[%clk 0:32:01]} Rad8 {[%clk 0:52:36]} 19. f4 {[%clk 0:27:53]} exd5
{[%clk 0:40:59]} 20. exd5 {[%clk 0:27:28]} Bc8 {[%clk 0:39:59]} 21. Qc2
{[%clk 0:23:25]} h6 {[%clk 0:36:44]} 22. Qf2 {[%clk 0:21:54]} b5 {[%clk 0:28:45]}
23. Bb1 {[%clk 0:19:45]} Qe7 {[%clk 0:22:51]} 24. Qc2 {[%clk 0:15:08]} g6
{[%clk 0:20:12]} 25. Nxg6 {[%clk 0:10:09]} fxg6 {[%clk 0:15:28]} 26. Qxg6+
{[%clk 0:10:36]} Bg7 {[%clk 0:15:52]} 27. f5 {[%clk 0:10:50]} Qe3+
{[%clk 0:13:09]} 28. Kh1 {[%clk 0:05:32]} Qg5 {[%clk 0:11:59]} 29. f6
{[%clk 0:05:36]} Qxg6 {[%clk 0:11:54]} 30. Bxg6 {[%clk 0:06:02]} Rf8
{[%clk 0:11:38]} 31. Bd3 {[%clk 0:05:42]} Bh8 {[%clk 0:07:05]} 32. h4
{[%clk 0:03:59]} Bg4 {[%clk 0:05:12]} 33. cxb5 {[%clk 0:04:15]} Kf7
{[%clk 0:05:14]} 34. Rf4 {[%clk 0:03:24]} h5 {[%clk 0:05:12]} 35. Ra4
{[%clk 0:03:47]} Bxf6 {[%clk 0:04:09]} 0-1

[Event "XXIX Miedzynarodowy Festiwal Szachowy CRACOVIA-2018 Grupa A"]
[Site "?"]
[Date "2018.12.29"]
[Round "3.27"]
[White "Skawinski, Arkadiusz"]
[Black "Zherebtsova, Alexandra"]
[Result "1/2-1/2"]
[WhiteElo "2419"]
[BlackElo "2186"]
[PlyCount "83"]
[EventDate "2018.??.??"]

1. e4 e5 2. Nf3 Nc6 3. Bb5 a6 4. Ba4 Nf6 5. O-O Be7 6. Re1 b5 7. Bb3 d6 8. c3
O-O 9. h3 Bb7 10. a4 Re8 11. d3 Bf8 12. Nbd2 g6 13. Nf1 Bg7 14. Ne3 Qd7 15. Nh2
Nd8 16. Qf3 Ne6 17. Neg4 Nxg4 18. hxg4 Rf8 19. Qh3 Nc5 20. Ba2 bxa4 21. Bh6 Nb3
22. Bxb3 axb3 23. Ra3 Qe6 24. Bxg7 Kxg7 25. Nf3 h6 26. Nd2 Bc8 27. f3 Rb8 28.
Qh4 d5 29. exd5 Qxd5 30. Qe7 Rb5 31. d4 Qd6 32. Qxd6 cxd6 33. c4 Rb4 34. dxe5
dxe5 35. Rxe5 Be6 36. Rxa6 Rd8 37. Re2 Bxc4 38. Nxc4 Rxc4 39. Kf2 Rc2 40. Rxc2
bxc2 41. Rc6 Rd2+ 42. Kg3 1/2-1/2

[Event "XXIX Miedzynarodowy Festiwal Szachowy CRACOVIA-2018 Grupa A"]
[Site "?"]
[Date "2018.12.29"]
[Round "3.28"]
[White "Flak, Pawel"]
[Black "Grib, Roman"]
[Result "0-1"]
[WhiteElo "2195"]
[BlackElo "2412"]
[PlyCount "27"]
[EventDate "2018.??.??"]

1. d4 Nf6 2. c4 e6 3. Nf3 b6 4. g3 Bb7 5. Bg2 Be7 6. O-O O-O 7. Nc3 Ne4 8. Qc2
Nxc3 9. Qxc3 Be4 10. Nd2 Bxg2 11. Kxg2 d5 12. cxd5 Qxd5+ 13. e4 Qb7 14. f3 {
Zapis nieczytelny} 0-1

[Event "XXIX Miedzynarodowy Festiwal Szachowy CRACOVIA-2018 Grupa A"]
[Site "Krakow, Hotel Galaxy, ul. Gesia 22a"]
[Date "2018.12.29"]
[Round "3.34"]
[White "Roshka, Yevgeniy"]
[Black "Wisniewski, Michal"]
[Result "1-0"]
[WhiteElo "2293"]
[BlackElo "2161"]
[PlyCount "59"]
[EventDate "2018.??.??"]

1. e4 d5 2. exd5 Qxd5 3. Nc3 Qa5 4. d4 Nf6 5. Bd2 c6 6. Bc4 Bg4 7. f3 Bf5 8.
Nge2 e6 9. g4 Bg6 10. Nf4 Qc7 11. h4 h5 12. Nxg6 Qg3+ 13. Kf1 fxg6 14. g5 Nd5
15. Qe2 Be7 16. Ne4 Qc7 17. Kg2 Nd7 18. Ng3 O-O-O 19. Qxe6 Bd6 20. Ne4 Bf4 21.
Bxd5 Bxd2 22. Bxc6 bxc6 23. Nxd2 Rhe8 24. Qc4 Nb6 25. Qa6+ Kb8 26. Rae1 Qf4 27.
Nb3 Nd5 28. Qxc6 Ne3+ 29. Rxe3 Rxe3 30. Nc5 1-0

[Event "XXIX Miedzynarodowy Festiwal Szachowy CRACOVIA-2018 Grupa A"]
[Site "Krakow, Hotel Galaxy, ul. Gesia 22a"]
[Date "2018.12.29"]
[Round "3.42"]
[White "Cholleti, Sahajasri"]
[Black "Mis, Mieszko"]
[Result "1/2-1/2"]
[WhiteElo "2069"]
[BlackElo "2260"]
[PlyCount "37"]
[EventDate "2018.??.??"]

1. Nf3 g6 2. c4 Bg7 3. d4 Nf6 4. Nc3 d5 5. cxd5 Nxd5 6. e4 Nxc3 7. bxc3 c5 8.
Be3 Qa5 9. Qd2 O-O 10. Rc1 Bg4 11. d5 Na6 12. Be2 e6 13. h3 Bxf3 14. Bxf3 Rfd8
15. O-O c4 16. Qb2 Nc5 17. Qb4 Qxb4 18. cxb4 Nd3 19. Rxc4 1/2-1/2